000 00415nam a22001697a 4500
003 MACL
005 20160130120424.0
008 160130b xxu||||| |||| 00| 0 eng d
040 _cMACL
041 _aEnglish
082 _a823/HAN
100 _aHansen,Mark Victor
_935810
245 _aChicken Soup For the Soul Power Moms
260 _aNew Delhi
_bWestland
_c2010
650 _aStories
_935811
942 _2ddc
_cBK
999 _c52935
_d52935